cellophane Lyrics (FKA twigs) - Statistics

General Stats
  • This quiz has been taken 258 times
  • The average score is 209 of 237
Answer Stats
Answer % Correct
do
100%
don’t
100%
don't
100%
for
100%
I
100%
I,
100%
it
100%
It
100%
Why
100%
you?
100%
you
100%
When
97%
all
93%
All
93%
And
93%
Didn't
93%
didn't
93%
me
93%
me?
93%
the
93%
to
93%
want
93%
is
90%
They
90%
us,
90%
us
90%
Who
86%
apart
83%
but
83%
feel
83%
see
83%
won’t
83%
won't
83%
you’re
83%
you're
83%
have
79%
no
79%
there
79%
cellophane,
76%
get
76%
just
76%
overwhelmed
76%
try,
76%
try
76%
in
72%
one
72%
share
72%
They're
72%
watching
72%
wrapped
72%
feelings
69%
gone
69%
gone,
69%
love
69%
that
69%
we
69%
alone
66%
our
66%
waiting
66%
had
59%
tell
59%
I'm
55%
hating
52%
not
52%
enough
48%
hoping
48%
doit
34%
No matching quizzes found
Score Distribution
Percent of People with Each Score
Percentile by Number Answered
Your Score History
You have not taken this quiz